The practical sanskrit - english dictionary (Record no. 136460)

MARC details
000 -LEADER
fixed length control field 00717nam a2200217 4500
010 ## - LIBRARY OF CONGRESS CONTROL NUMBER
LC control number 151150
020 ## - INTERNATIONAL STANDARD BOOK NUMBER
Terms of availability 45.00
035 ## - SYSTEM CONTROL NUMBER
System control number 151150
037 ## - SOURCE OF ACQUISITION
Source of stock number/acquisition Cen Lib / Ret
040 ## - CATALOGING SOURCE
Original cataloging agency DPL
Language of cataloging EN
082 ## - DEWEY DECIMAL CLASSIFICATION NUMBER
Classification number 413.8
Item number APT
100 ## - MAIN ENTRY--PERSONAL NAME
Personal name Apte's, V. S.
245 ## - TITLE STATEMENT
Title The practical sanskrit - english dictionary
Statement of responsibility, etc by V. S. Apte's ; edited by P. K. Gode [and] C. G. Karve
260 ## - PUBLICATION, DISTRIBUTION, ETC. (IMPRINT)
Place of publication, distribution, etc Poona
Name of publisher, distributor, etc Prasad Prakashan
Date of publication, distribution, etc 1959
270 ## - ADDRESS
Address 689/23 Sadashiv Peth
City Poona
300 ## - PHYSICAL DESCRIPTION
Extent v 1. 631 ; v 3. 8, 1297-1768+118 ;
Other physical details 27cm(Hb)
505 ## - FORMATTED CONTENTS NOTE
Formatted contents note v 3. य -ह एंड 6 appendixes
650 ## - SUBJECT ADDED ENTRY--TOPICAL TERM
Topical term or geographic name as entry element Sanskrit - English Dictionary
650 ## - SUBJECT ADDED ENTRY--TOPICAL TERM
Topical term or geographic name as entry element English - Sanskrit -- Encyclopedia
942 ## - ADDED ENTRY ELEMENTS (KOHA)
Source of classification or shelving scheme Dewey Decimal Classification
Koha item type English Books
Classification part 413.8
Call number suffix APT
Holdings
Withdrawn status Lost status Materials specified (bound volume or other part) Damaged status Not for loan Collection code Home library Current library Date acquired Source of acquisition Total Checkouts Full call number Barcode Date last seen Price effective from Koha item type
    v 3   Not For Loan Reference Central Library Central Library 03/03/2016 Cen Lib/Ret   413.8 APT 151150 03/03/2016 03/03/2016 English Books
    v 1   Not For Loan Reference Central Library Central Library 03/03/2016 Cen Lib/Ret   413.8 APT 134515 03/03/2016 03/03/2016 English Books

© Delhi Public Library
Hit Counter
free hit counter